[Event "Challenge"]
[Site "http://www.queenalice.com/game.php?id=950125"]
[Date "2011.6.15"]
[Round "-"]
[White "xdura"]
[Black "Dancarvalho"]
[Result "1-0"]
[WhiteElo "1609"]
[BlackElo "1238"]

1. e4 Nc6 2. Nf3 e5 3. Bc4 b6 4. O-O a5 5. d3 Bc5 6. Ng5 h6 7. Nxf7 Qh4 8. Nxh8
Nf6 9. Bf7+ Kd8 10. Nc3 Ng4 11. h3 Bxf2+ 12. Kh1 d6 13. Ne2 Nd4 14. Nxd4 exd4
15. Qf3 Bg3 16. Ng6 Qf6 17. hxg4 Bxg4 18. Qxf6+ gxf6 19. Rxf6 Kd7 20. Bd5 Bh5
21. Bxa8 Be5 22. Nf8+ Ke7 23. Rf1 Bg7 24. Nh7 c5 25. Bd5 Be5 26. Bxh6 b5 27.
Bg5+ Kd7 28. Nf8+ Kc7 29. Ne6+ Kb6 30. Rf8 Bg4 31. Rb8+ Ka7 32. Rb7+ Ka6 33.
Nc7# 1-0

[Event "Challenge"]
[Site "http://www.queenalice.com/game.php?id=950126"]
[Date "2011.6.15"]
[Round "-"]
[White "xdura"]
[Black "charlescesarcouto"]
[Result "1-0"]
[WhiteElo "1611"]
[BlackElo "1250"]

1. e4 e5 2. Nf3 Nc6 3. Bc4 Nd4 4. c3 Nc6 5. d4 exd4 6. cxd4 Bb4+ 7. Nc3 Bxc3+ 8.
bxc3 Nf6 9. Ng5 O-O 10. e5 Ne4 11. Nxe4 Re8 12. Ng5 h6 13. Nxf7 Qh4 14. Nd6+ Kh7
15. Qd3+ g6 16. Nxe8 d6 17. Nxc7 Rb8 18. e6 Qe7 19. Qe3 Qg5 20. e7 Nxe7 21. Qxg5
hxg5 22. Bxg5 Nf5 23. O-O Bd7 24. Nd5 Rc8 25. Bb3 Bb5 26. c4 Bd7 27. Nf6+ Kg7
28. Nxd7 Rc7 29. Nf6 Nxd4 30. Ne8+ Kf7 31. Nxc7 Ne2+ 32. Kh1 Nd4 33. Rfe1 a5 34.
c5+ Kf8 35. Re8+ Kg7 36. cxd6 a4 37. Bd5 Nf5 38. d7 Nd6 39. d8=Q Nxe8 40. Qe7+
Kh8 41. Qxe8+ Kg7 42. Qg8# 1-0

[Event "Challenge"]
[Site "http://www.queenalice.com/game.php?id=1038558"]
[Date "2012.3.13"]
[Round "-"]
[White "xdura"]
[Black "charlescesarcouto"]
[Result "1-0"]
[WhiteElo "1588"]
[BlackElo "1362"]

1. e4 e5 2. Nf3 Nc6 3. Bc4 Nf6 4. Ng5 d6 5. Nxf7 Qe7 6. Nxh8 Na5 7. Bf7+ Kd8 8.
d3 g5 9. Bxg5 Be6 10. Qf3 h6 11. Bxf6 Kd7 12. Bxe7 Kxe7 13. Bxe6 Kxe6 14. Qf7#
1-0

[Event "Challenge"]
[Site "http://www.queenalice.com/game.php?id=1040622"]
[Date "2012.3.19"]
[Round "-"]
[White "rdaigle2003"]
[Black "xdura"]
[Result "0-1"]
[WhiteElo "1737"]
[BlackElo "1580"]

1. e4 e5 2. Nf3 Bd6 3. Bc4 h6 4. O-O Nf6 5. a3 O-O 6. d3 Re8 7. Nc3 Bc5 8. b4
Bd4 9. Nxd4 exd4 10. Nd5 Nxd5 0-1

[Event "Challenge"]
[Site "http://www.queenalice.com/game.php?id=1062566"]
[Date "2012.5.22"]
[Round "-"]
[White "charlescesarcouto"]
[Black "xdura"]
[Result "0-1"]
[WhiteElo "1279"]
[BlackElo "1643"]

1. e4 e5 2. f4 exf4 3. Nf3 d6 4. d4 g5 5. h3 Bd7 6. Bc4 Be6 7. b3 d5 8. exd5
Bxd5 9. Bb5+ c6 10. Bc4 Be4 11. Qe2 f5 12. Nbd2 Bb4 13. a3 Bc3 14. Rb1 Qe7 15.
O-O Bxc2 16. Qe5 Qxe5 17. Nxe5 Bxb1 18. Ndf3 h6 19. Ng6 Rh7 20. Bxg8 Rg7 21. Be6
Rxg6 22. Bxf5 Bxf5 23. Ne5 Bxd4+ 24. Kh2 Bxe5 25. Rd1 Nd7 26. a4 Bc2 27. Rd2
Bxb3 28. Rd3 Bxa4 29. Ba3 Bc2 30. Rd2 Be4 31. Bb4 O-O-O 32. Kg1 Nb6 33. Re2 Rd1+
34. Kh2 f3+ 35. g3 fxe2 36. h4 Rh1# 0-1

[Event "Challenge"]
[Site "http://www.queenalice.com/game.php?id=1099721"]
[Date "2012.9.5"]
[Round "-"]
[White "Scaracioli"]
[Black "xdura"]
[Result "0-1"]
[WhiteElo "1725"]
[BlackElo "1623"]

1. e4 e5 2. Nf3 d6 3. h3 Bd7 4. d4 exd4 5. Nxd4 Nc6 6. c3 Qe7 7. Bd3 O-O-O 8.
Be3 g5 9. b4 h6 10. a4 Nf6 11. f3 d5 12. Qd2 dxe4 13. fxe4 Nxe4 14. Bxe4 Qxe4
15. Na3 Nxd4 16. cxd4 Bxb4 17. Qxb4 Qxe3+ 18. Kd1 Bxa4+ 19. Nc2 Rxd4+ 20. Qxd4
Bxc2+ 21. Kxc2 Qxd4 22. Rhd1 Qc5+ 23. Kd2 Qf2+ 24. Kc1 Rd8 25. Rb1 Rxd1+ 26.
Kxd1 Qf1+ 27. Kc2 Qxg2+ 28. Kc1 Qxh3 29. Kc2 Qf5+ 30. Kb2 h5 31. Kc3 Qxb1 0-1

[Event "Challenge"]
[Site "http://www.queenalice.com/game.php?id=1109927"]
[Date "2012.10.6"]
[Round "-"]
[White "Scaracioli"]
[Black "xdura"]
[Result "1-0"]
[WhiteElo "1718"]
[BlackElo "1645"]

1. e4 e5 2. Nf3 Nf6 3. Nc3 Bb4 4. Nxe5 Bxc3 5. dxc3 Nxe4 6. Qf3 Nd6 7. c4 O-O 8.
Be2 Qe7 9. Ng4 Nxc4 10. O-O Ne5 11. Qg3 d6 12. Bf4 Bxg4 13. Bxg4 1-0

[Event "Invitation"]
[Site "http://www.queenalice.com/game.php?id=1122035"]
[Date "2012.11.14"]
[Round "-"]
[White "charlescesarcouto"]
[Black "xdura"]
[Result "0-1"]
[WhiteElo "1305"]
[BlackElo "1632"]

1. e4 d5 2. Nc3 d4 3. Nce2 e5 4. d3 Bb4+ 5. c3 Bxc3+ 6. bxc3 dxc3 7. Nxc3 Qd4 8.
Qa4+ Bd7 9. Be3 Qxc3+ 10. Kd1 Bxa4+ 11. Ke2 Qxa1 12. Nf3 Qd1# 0-1

[Event "Challenge"]
[Site "http://www.queenalice.com/game.php?id=1128738"]
[Date "2012.12.6"]
[Round "-"]
[White "Scaracioli"]
[Black "xdura"]
[Result "1-0"]
[WhiteElo "1658"]
[BlackElo "1635"]

1. e4 e5 2. Nf3 d6 3. h3 Nf6 4. d3 Be7 5. Nc3 O-O 6. g4 Be6 7. Rg1 c6 8. b4 Nbd7
9. g5 Nh5 10. h4 d5 11. exd5 cxd5 12. Be2 Bxb4 13. Bd2 g6 14. a3 Ba5 15. Rb1 Qc7
16. Nb5 Bxd2+ 17. Qxd2 1-0

[Event "Challenge"]
[Site "http://www.queenalice.com/game.php?id=1134641"]
[Date "2012.12.27"]
[Round "-"]
[White "jairo366"]
[Black "xdura"]
[Result "0-1"]
[WhiteElo "1540"]
[BlackElo "1620"]

1. d4 d5 2. e3 Nc6 3. f4 Bf5 4. c3 Qd7 5. Nf3 f6 6. Bb5 O-O-O 7. Qa4 Kb8 8. O-O
e6 9. Nbd2 Nge7 10. b4 a6 11. Bxc6 Nxc6 12. Nb3 Bd3 13. Nc5 Bxc5 14. bxc5 Bxf1
15. Kxf1 Qf7 16. Rb1 Ka7 17. Nd2 Qg6 18. c4 Qd3+ 19. Kg1 Qxe3+ 20. Kf1 Nxd4 0-1

[Event "OS INCLIVEIS"]
[Site "http://www.queenalice.com/game.php?id=1147748"]
[Date "2013.2.1"]
[Round "-"]
[White "adelio"]
[Black "xdura"]
[Result "0-1"]
[WhiteElo "1778"]
[BlackElo "1644"]

1. d4 d5 2. e4 dxe4 3. Nc3 Nf6 4. f3 exf3 5. Nxf3 Bg4 6. h3 Bxf3 7. Qxf3 c6 8.
Be3 e6 9. a3 Nd5 10. Nxd5 cxd5 11. g4 Qa5+ 12. c3 Qa4 13. Rh2 Bd6 14. Rf2 O-O
15. h4 Nd7 16. h5 Nf6 17. g5 Ne4 18. Rg2 Qc6 19. Rc1 Qc7 20. Rcc2 Be7 21. Bd3
Nd6 22. Bxh7+ Kxh7 23. g6+ Kg8 24. gxf7+ Rxf7 25. Rxg7+ Rxg7 26. h6 Rf8 27. Qh1
Rg6 28. Rg2 Rxg2 29. Qxg2+ Kf7 30. h7 Nf5 31. Bd2 Bh4+ 32. Kd1 Rh8 33. Bg5 Rxh7
34. Bxh4 Ne3+ 35. Ke2 Nxg2 36. Bf2 Qf4 37. b4 Qc1 38. a4 Qxc3 39. b5 Qc4+ 40.
Kf3 Rg7 41. a5 Qxb5 42. a6 Qd3+ 43. Be3 Qxe3# 0-1

[Event "Challenge"]
[Site "http://www.queenalice.com/game.php?id=1148120"]
[Date "2013.2.2"]
[Round "-"]
[White "xdura"]
[Black "charlescesarcouto"]
[Result "1-0"]
[WhiteElo "1665"]
[BlackElo "1301"]

1. e4 e5 2. Nf3 f6 3. Bc4 d6 4. c3 a6 5. d4 b5 6. Bd5 c6 7. Bxg8 Rxg8 8. d5 g5
9. O-O Bg4 10. Qd3 Nd7 11. dxc6 Nc5 12. Qd5 Rg7 13. c7 Qxc7 14. Qxa8+ Qd8 15.
Qxd8+ Kxd8 16. Rd1 Rd7 17. Nbd2 d5 18. exd5 e4 19. Nxe4 Nxe4 20. Rd4 f5 21.
Bxg5+ Kc8 22. Bf4 Kd8 23. Ne5 Rc7 24. Nc6+ Kc8 25. Bxc7 Kxc7 26. f3 Nd6 27. fxg4
fxg4 28. Rxg4 Nc4 29. Rf1 Bc5+ 30. Kh1 Ne5 31. Nxe5 Kd6 32. Rf5 Kxd5 33. Nd3+
Ke6 34. Rxc5 b4 35. Rc6+ Kf5 36. Rf4+ Kg5 37. h4+ Kh5 38. Kh2 b3 39. Kh3 bxa2
40. g4# 1-0

[Event "Challenge"]
[Site "http://www.queenalice.com/game.php?id=1194890"]
[Date "2013.6.27"]
[Round "-"]
[White "charlescesarcouto"]
[Black "xdura"]
[Result "0-1"]
[WhiteElo "1253"]
[BlackElo "1667"]

1. e4 e5 2. a3 Nf6 3. Qe2 Bc5 4. b4 Bd4 5. c3 Bb6 6. d3 d6 7. h3 O-O 8. Nf3 a6
9. c4 Nc6 10. Bg5 Nd4 11. Nxd4 Bxd4 12. Ra2 Re8 13. h4 Re6 14. f3 h6 15. Bxf6
Rxf6 16. g3 c5 17. bxc5 dxc5 18. g4 Qa5+ 19. Kd1 Qa4+ 20. Qc2 Bd7 21. g5 Rxf3
22. Nd2 Rf2 23. Ke1 Qxc2 24. Rxc2 Ba4 25. Ra2 h5 26. Rg1 Rh2 27. Rg2 Rxh4 28.
Nf3 Bc3+ 29. Ke2 Rf4 30. Rh2 g6 31. Rh4 Bb3 32. Rd2 Bxd2 33. Kxd2 Rxf3 34. Ke2
Rg3 35. Kf2 Rxg5 36. Ke2 Rd8 37. Kd2 Rg1 38. Be2 Rg2 39. Rh3 b5 40. d4 Rxd4+ 41.
Kc3 bxc4 42. Bxc4 Bxc4 43. Rh1 Bd3 44. Rb1 Bxb1 45. Kb3 c4+ 46. Kb4 c3+ 47. Kc5
c2 48. Kb6 Rd6+ 49. Kc7 Rgd2 50. a4 c1=Q+ 51. Kb7 Qc6+ 52. Kb8 Rd8+ 53. Ka7
R2d7# 0-1

[Event "Challenge"]
[Site "http://www.queenalice.com/game.php?id=1234421"]
[Date "2013.11.22"]
[Round "-"]
[White "xdura"]
[Black "charlescesarcouto"]
[Result "1-0"]
[WhiteElo "1657"]
[BlackElo "1278"]

1. e4 e5 2. Nf3 Nc6 3. Bc4 d6 4. d3 Be6 5. Bxe6 fxe6 6. Ng5 Qe7 7. Qg4 Nd4 8. c3
Nc2+ 9. Ke2 Nxa1 10. Qxe6 h6 11. Qxe7+ Kxe7 12. Nf3 Kd7 13. Na3 b5 14. Nxb5 a6
15. Na3 Nf6 16. Be3 Rb8 17. b4 g5 18. Rxa1 g4 19. Nh4 Rg8 20. Nf5 a5 21. b5 d5
22. Nxh6 Bxh6 23. Bxh6 dxe4 24. Rd1 Ke8 25. d4 Nd5 26. Bd2 Rh8 27. c4 Ne7 28.
Bxa5 Ra8 29. Bb4 Nf5 30. dxe5 Rxh2 31. Rg1 Ra4 32. Bc5 Rh6 33. Rd1 Rh2 34. Rd5
Rxg2 35. e6 Ng3+ 36. Ke3 Nf1+ 37. Kxe4 g3 38. e7 gxf2 39. Rd8+ Kf7 40. e8=Q+ Kf6
41. Qe7+ Kg6 42. Bxf2 Rxf2 43. Rg8+ Kh5 44. Qh7# 1-0